=LDR 00000nam 2200000 4500 =247 ##$$a =856 ##$$a =700 #$$a =650 #$$a Stunting =520 #$$a Untuk mencapai indikator-indikator intervensi kepada keluarga berisiko stunting diatas, maka data keluarga beresiko stunting harus menjadi based line data yang digunakan oleh seluruh lintas sektor terkait dalam memberikan intervensi, namun kenyataanya pada implementasi dilapangan, masih menghadapi beberapa kendala untuk mencapai target indikator tersebut. Hal ini dikarenakan belum optimalnya pemanfaatan data keluarga beresiko stunting dan belum terintegrasinya intervensi yang diberikan oleh lintas sektor kepada keluarga beresiko stunting dengan data keluarga beresiko stunting, sehingga intervensi yang diberikan belum dapat sasaran dan validitas data dalam mencapai indikator-indikator belum optimal. =321 ##$$a =310 ##$$a =300 ##$$a 110 hlm. : $b ill. ; $c 30 cm $e =260 ##$$a Jakarta : $b Pusbangkom Pimnas dan Manajerial ASN. ; $c 2024 =001 $a INLIS000000000020890 =245 ##$$a Akselerasi Penurunan Stunting 1000 Hari Pertama Kehidupan dan Calon Pengantin di Kabupaten Halmahera Tengah $b $c Mohd. Taher Mujuddin =100 #$$a Mohd. Taher Mujuddin =084 ##$$a R 0160 PKN II 2024 =082 ##$$a =035 ##$$a 0010-0426000047 =020 ##$$a =008 $a 260428################g##########0#ind## =005 $a 20260428152217